|
|
|
|
| LEADER |
00000nam0a2200000 4500 |
| 001 |
297774 |
| 005 |
20231102001035.0 |
| 035 |
|
|
|a (RuTPU)RU\TPU\book\322908
|
| 090 |
|
|
|a 297774
|
| 100 |
|
|
|a 20150611d1984 km y0rusy50 ca
|
| 101 |
0 |
|
|a rus
|
| 102 |
|
|
|a RU
|
| 105 |
|
|
|a a z 001zy
|
| 200 |
1 |
|
|a Исследования по расчету конструкций и сооружений на различные воздействия
|e сборник научных трудов
|f Центральный научно-исследовательский институт строительных конструкций им. В. А. Кучеренко (ЦНИИСК им. Кучеренко) ; под ред. М. И. Ерхова
|
| 210 |
|
|
|a Москва
|c Изд-во ЦНИИ строительных конструкций
|d 1984
|
| 215 |
|
|
|a 147 с.
|c ил.
|
| 320 |
|
|
|a Библиогр. в конце ст.
|
| 606 |
1 |
|
|a Динамика сооружений
|2 stltpush
|3 (RuTPU)RU\TPU\subj\9512
|9 36742
|
| 610 |
1 |
|
|a расчеты
|
| 610 |
1 |
|
|a строительные конструкции
|
| 610 |
1 |
|
|a строительные материалы
|
| 610 |
1 |
|
|a воздействия
|
| 610 |
1 |
|
|a пластические свойства
|
| 610 |
1 |
|
|a несущие элементы
|
| 675 |
|
|
|a 624.042.8
|v 3
|
| 702 |
|
1 |
|a Ерхов
|b М. И.
|4 340
|
| 712 |
0 |
2 |
|a Центральный научно-исследовательский институт строительных конструкций им. В. А. Кучеренко (ЦНИИСК им. Кучеренко)
|2 stltpush
|3 (RuTPU)RU\TPU\col\9545
|
| 801 |
|
1 |
|a RU
|b 63413507
|c 20150611
|
| 801 |
|
2 |
|a RU
|b 63413507
|c 20190130
|g RCR
|
| 942 |
|
|
|c BK
|